Biggest Cities in South Carolina in 1950 - Statistics

General Stats
  • This quiz has been taken 59 times
  • The average score is 10 of 20
Answer Stats
Population County Answer % Correct
86,914 Richland Columbia
100%
70,174 Charleston Charleston
98%
58,161 Greenville Greenville
98%
36,795 Spartanburg Spartanburg
83%
19,770 Anderson Anderson
76%
22,513 Florence Florence
76%
24,502 York Rock Hill
68%
20,185 Sumter Sumter
66%
7,083 Aiken Aiken
61%
15,322 Orangeburg Orangeburg
41%
6,986 Kershaw Camden
39%
13,806 Greenwood Greenwood
39%
8,123 Cherokee Gaffney
32%
7,159 Lancaster Lancaster
29%
6,893 Chester Chester
24%
7,546 Newberry Newberry
24%
7,168 Laurens Clinton
22%
9,730 Union Union
22%
8,658 Laurens Laurens
17%
9,238 Richland Eau Claire
2%
No matching quizzes found
Score Distribution
Percent of People with Each Score
Percentile by Number Answered
Your Score History
You have not taken this quiz